000 00693nam a2200193Ia 4500
003 GCL
008 140319s9999 xx 000 0 ara d
040 _aGCL /
_cGCL
082 0 4 _a001.6424
_bم م
100 1 _aمحمد جمال احمد قبيعة
245 1 0 _aالمرجع الحديث فى استخدام البرنامج اكسل Excel 4.0 /
_cمحمد جمال احمد قبيعة
260 _a[S.N] :
_bدار الراتب الجامعية ،
_c1994
300 _a301 ص
490 _aسلسلة المبرمج العربى المتطور
_v0
650 0 4 _aالحاسبات الالكترونية
650 0 4 _aالبرامج
650 0 4 _aاكسل EXCEL 4.0
942 _2ddc
_cBK
999 _c55330
_d55330